| 000 | 01161nam a22002777a 4500 | ||
|---|---|---|---|
| 001 | BD-DhSAU | ||
| 003 | BD-DhSAU | ||
| 005 | 20240330115046.0 | ||
| 008 | 150420b2005 bg ||||| m||| 00| 0 eng d | ||
| 040 | _aBD-DhSAU | ||
| 082 |
_222 _a630 _bIs37 |
||
| 100 |
_aISHRAK, MD. FARHAN _eRegistration No. # 15-06716 |
||
| 245 |
_aRegeneration capacity of inbred and hybrid rice
influenced by plant growth regulators and
cutting management /
_bMS thesis |
||
| 260 |
_aSher-e-Bangla Agricultural Uniersity : _bDepartment of Agronomy; _c2022. |
||
| 300 |
_axi, 66 p. ; _c30 cm. |
||
| 500 | _aMS thesis of Department of Agronomy, Faculty of Agriculture, Sher-e-Bangla Agricultural University, Dhaka, Bangladesh | ||
| 504 | _aIncludes bibliographical reference. | ||
| 590 | _aNazmul | ||
| 650 | _aregeneration capacity of inbred | ||
| 651 | _aand hybrid rice | ||
| 654 | _aplant growth regulators and cutting management | ||
| 700 |
_a Prof. Dr. Md. Hasanuzzaman _eSuperviser |
||
| 700 |
_aProf. Dr. Md. Fazlul Karim _eCo-superviser |
||
| 856 | _uhttp://archive.saulibrary.edu.bd:8080/xmlui/handle/123456789/5123 | ||
| 942 |
_2ddc _cTHESIS |
||
| 999 |
_c17510 _d17509 |
||